| 000 | 00806nam a2200301 a 4500 | ||
|---|---|---|---|
| 005 | 20140310183345.0 | ||
| 008 | 070205s19uu xx 00 eng d | ||
| 020 | _a971-584-518-5 | ||
| 050 |
_aRT 89 _b.Sw885 2006 |
||
| 100 | _aRoussel, Linda | ||
| 245 |
_aNursing management and leadership. _cLinda Rousel |
||
| 260 |
_aSudbury, Massachusetts : _bJones and Bartlett Publishers, _c2006. |
||
| 300 |
_a498 p. : _c25 cm. |
||
| 521 | _aNUR | ||
| 650 |
_aNursing services _xAdministration. |
||
| 650 | _aNurse administrators. | ||
| 650 | _aLeadership. | ||
| 700 | _aSwansburg, Russell C. | ||
| 700 | _aSwansburg, Richard J. | ||
| 942 |
_cBK _2lcc _kFOR |
||
| 999 |
_c21918 _d21918 |
||